Légendes d'Apex - Apex Legends - Statistiques

Statistiques générales
  • Ce quiz a été pris 654 fois
  • Le résultat moyen est 11 sur 15
Statistiques - réponses
Hint Réponse % Correct
Elle voyage dans le vide Wraith
94%
Il trompe l'ennemi Mirage
92%
Elle se fond dans la fumée Bangalore
91%
Il court en vain Octane
88%
Il intoxique l'ennemi Caustic
87%
Il protège ses coéquipiers Gibraltar
86%
Elle sauve ses coéquipiers Lifeline
86%
Elle vole Valkyrie
82%
Elle s'enrichit à distance Loba
75%
Il neutralise les capacités ennemi Revenant
70%
Il bombarde l'ennemi Fuse
65%
Elle bloque les projectiles Wattson
60%
Il se déplace partout Pathfinder
58%
Il écoute Seer
58%
Elle reste à distance Vantage
50%
Aucun quiz correspondant
Distribution des résultats
% des personnes avec chaque résultat
Percentile par nombre de réponses
Votre historique - résultats
Vous n’avez pas pris ce quiz